| 000 | 00342nam a2200145Ia 4500 | ||
|---|---|---|---|
| 999 |
_c2144 _d2144 |
||
| 008 | 191121s 1992 ||||xx |||||||||||||| ||und|| | ||
| 020 | _a9280112813 | ||
| 082 |
_a623.888 _bIMO |
||
| 100 | _aIMO | ||
| 245 | 0 | _aResolutions and Other Decisions | |
| 260 |
_aLondon _bIMO _c1992 |
||
| 260 | _bIMO | ||
| 300 | _aviii, 416p. | ||
| 942 | _cBK | ||